[Event "37th Reykjavik op"]
[Site "Reykjavik ISL"]
[Date "2024.03.18"]
[Round "6.68"]
[White "M Parulekar, Atharva"]
[Black "Halldorsson, Bragi"]
[WhiteElo "1580"]
[BlackElo "2056"]
[Result "0-1"]
[EventDate "2024.03.15"]
[PlyCount "96"]

1. e4 c6 (1... d6 2. d4 Nf6 3. Nc3 e5 4. Nf3 Nbd7 5. Bc4 Be7 6. O-O O-O 7. Re1
c6 8. a4 a5 9. h3 Qc7 10. Ba2 Rb8 11. Qe2 exd4 12. Nxd4 Nc5 13. Bf4 Ne6 14.
Nxe6 Bxe6 15. Bxe6 fxe6 16. e5 Nd5 17. Nxd5 cxd5 18. exd6 Qd7 19. dxe7) 2. d4
d5 3. exd5 cxd5 4. Bd3 Nc6 5. c3 g6 6. Bf4 Bg7 7. Nd2 Nh6 8. Ngf3 O-O 9. O-O f6
10. Bxh6 Bxh6 11. Re1 Bg4 12. Qc2 Bg7 13. Bb5 Rc8 14. h3 Bf5 15. Qb3 g5 16. Qa3
Rf7 17. g4 Bd7 18. Nb3 h5 19. gxh5 Bxh3 20. Nc5 e5 21. Kh2 Bg4 22. Kg3 Bxf3 23.
Kxf3 e4+ 24. Ke2 Qd6 25. Rf1 f5 26. Rad1 Qf4 27. Ne6 Qf3+ 28. Kd2 Bf8 29. Nxf8
Qf4+ 30. Kc2 Rfxf8 31. Bxc6 bxc6 32. Qe7 Rc7 33. Qe6+ Rff7 34. h6 Kh7 35. Kb1
g4 36. Rde1 Qg5 37. Qe5 Rfe7 38. Qd6 f4 39. Rg1 Qf5 40. Ka1 Rf7 41. Qd8 Rce7
42. Qd6 g3 43. fxg3 f3 44. Rgf1 e3 45. g4 Qxg4 46. Qh2 f2 47. Rb1 Qf3 48. Qb8
e2 0-1

[Event "37th Reykjavik op"]
[Site "Reykjavik ISL"]
[Date "2024.03.18"]
[Round "6.85"]
[White "Maack, Kjartan"]
[Black "Pisan, Kai"]
[WhiteElo "2102"]
[BlackElo "1897"]
[Result "1/2-1/2"]
[EventDate "2024.03.15"]
[PlyCount "38"]

1. d4 d5 2. Nc3 Nf6 3. Bf4 e6 4. e3 Bb4 5. Bd3 c5 6. dxc5 Nbd7 7. Nge2 a6 8. a3
Bxc5 9. Bg3 Nh5 10. Nf4 Nxg3 11. hxg3 Nf6 12. Nh5 g6 13. Nxf6+ Qxf6 14. Qe2 Bd7
15. O-O O-O 16. Rfe1 Rfd8 17. e4 Bc6 18. e5 Qg5 19. Kh2 Qh6+ 1/2-1/2

[Event "37th Reykjavik op"]
[Site "Reykjavik ISL"]
[Date "2024.03.18"]
[Round "6.142"]
[White "Beyerle, Gregor"]
[Black "Smits, Eduard"]
[WhiteElo "1610"]
[BlackElo "1918"]
[Result "0-1"]
[EventDate "2024.03.15"]
[PlyCount "76"]

1. d4 d5 2. c4 dxc4 3. e3 (3. e4) 3... Nf6 4. Bxc4 e6 5. Nf3 a6 6. Nc3 c5 7. d5
b5 8. Bb3 exd5 9. Bxd5 Ra7 10. e4 Be7 11. Bf4 Nbd7 12. Bc6 Qb6 13. Ne5 O-O 14.
Nd5 Nxd5 15. exd5 Bf6 16. Ng4 Bxb2 17. Rb1 Bc3+ 18. Kf1 Nb8 19. Qf3 Nxc6 20.
Qxc3 Bxg4 21. Qg3 Bf5 22. Bh6 Bg6 23. Rd1 Nd4 24. Bf4 Re8 25. Be5 b4 26. Bxd4
cxd4 27. Rc1 Rae7 28. f3 Qb5+ 29. Kg1 d3 30. h4 d2 31. Rd1 Qxd5 32. Kh2 Bc2 33.
h5 Qxh5+ 34. Kg1 Re1+ 35. Qxe1 Rxe1+ 36. Kf2 Qxh1 37. Rxd2 Qg1+ 38. Kg3 h5 0-1

[Event "37th Reykjavik op"]
[Site "Reykjavik ISL"]
[Date "2024.03.18"]
[Round "6.157"]
[White "Wollkind, Steven"]
[Black "Ragnarsson, Johann"]
[WhiteElo "1607"]
[BlackElo "1948"]
[Result "0-1"]
[EventDate "2024.03.15"]
[PlyCount "64"]

1. e4 c6 2. d4 d5 3. e5 c5 4. Nf3 Bg4 5. dxc5 Nc6 6. h3 Bxf3 7. Qxf3 Nxe5 8.
Bb5+ Nc6 9. O-O e6 10. b4 Qf6 11. Qc3 g6 12. Bb2 Bg7 13. Qxf6 Bxf6 14. c3 Nge7
15. Nd2 O-O 16. a3 a5 17. Bxc6 Nxc6 18. b5 Ne7 19. Nf3 a4 20. Rfe1 Ra5 21. b6
Rxc5 22. Ne5 Bxe5 23. Rxe5 Nc6 24. Re2 Na5 25. Rc1 Rfc8 26. Rd1 R8c6 27. c4
Nxc4 28. Bd4 Rb5 29. Rc1 Nxb6 30. Rxc6 bxc6 31. Rb2 Rxb2 32. Bxb2 Nc4 0-1

[Event "37th Reykjavik op"]
[Site "Reykjavik ISL"]
[Date "2024.03.19"]
[Round "7.4"]
[White "Suleymenov, Alisher"]
[Black "Sanal, Vahap"]
[WhiteElo "2506"]
[BlackElo "2558"]
[Result "1-0"]
[EventDate "2024.03.15"]
[PlyCount "135"]

1. d4 {[%eval 15,0]} Nf6 {[%eval 16,0]} 2. c4 {[%eval 16,0]} e6 {[%eval 21,0]}
3. Nc3 {[%eval 8,0]} Bb4 {[%eval 12,0]} 4. e3 {[%eval 0,0]} b6 {[%eval 48,0]}
5. Bd2 {[%eval 12,0]} Bb7 {[%eval 13,0]} 6. Nf3 {[%eval 0,0]} Bxc3 {[%eval 22,
0]} 7. Bxc3 {[%eval 0,0]} Ne4 {[%eval 26,0]} 8. Bb4 {[%eval 24,0]} a5 {[%eval
16,0]} 9. Ba3 {[%eval 25,0]} d6 {[%eval 3,0]} 10. Bd3 {[%eval 23,0]} Nd7 {
[%eval 41,0]} 11. O-O {[%eval 35,0]} f5 {[%eval 29,0]} 12. d5 {[%eval 19,0]}
exd5 {[%eval 69,0]} 13. Nd4 {[%eval 6,0]} Ne5 {[%eval 103,0]} 14. Ne6 $6 {
[%eval 0,0] Inaccuracy. Bxe4 was best.} (14. Bxe4 dxe4 15. Ne6 Qc8 16. Nxc7+
Qxc7 17. Bxd6 Qxc4 18. Bxe5 Rd8 19. Qh5+ Qf7 20. Qxf7+ Kxf7) 14... Qd7 {
[%eval 8,0]} 15. cxd5 {[%eval 14,0]} Nxd3 {[%eval 2,0]} 16. Qxd3 {[%eval 0,0]}
Nf6 {[%eval 26,0]} 17. Rfc1 {[%eval 0,0]} Nxd5 {[%eval 0,0]} 18. Qxf5 {[%eval
0,0]} Ke7 {[%eval 0,0]} 19. Nxg7 $6 {[%eval 61,0] Inaccuracy. Qg5+ was best.} (
19. Qg5+ Kxe6 20. Qg4+ Ke7 21. Qxg7+ Ke6 22. Qg4+ Ke7 23. Qg7+) 19... Rag8 {
[%eval 57,0]} 20. Qg5+ {[%eval 6,0]} Nf6 {[%eval 54,0]} 21. Rc4 $2 {[%eval -15,
0] Mistake. f3 was best.} (21. f3 Kf7) 21... h6 $4 {[%eval 0,0] Blunder. Kf7
was best.} (21... Kf7 22. Qf5 c5 23. Rf4 Qxf5 24. Nxf5 Rxg2+ 25. Kf1 Rxh2 26.
Rd1 Rh1+ 27. Ke2 Nh5 28. Rh4) 22. Qg6 {[%eval 0,0]} Ne8 {[%eval 16,0]} 23. Re4+
{[%eval 15,0]} Bxe4 {[%eval 37,0]} 24. Qxe4+ {[%eval 39,0]} Kf7 {[%eval 45,0]}
25. Nf5 {[%eval 0,0]} Rg5 {[%eval 0,0]} 26. Qd5+ {[%eval 0,0]} Kf8 {[%eval 0,0]
} 27. e4 {[%eval 0,0]} Rhg8 {[%eval 0,0]} 28. g3 {[%eval 0,0]} Nf6 {[%eval 0,0]
} 29. Qd4 {[%eval 0,0]} Nxe4 {[%eval 0,0]} 30. Nxh6 {[%eval 0,0]} Qg7 $4 {
[%eval 326,0] Blunder. R8g6 was best.} (30... R8g6 31. Qh8+ Ke7 32. Re1 Qe6 33.
Qh7+ Kf8 34. Qh8+) 31. Qxe4 {[%eval 339,0]} Qxh6 {[%eval 324,0]} 32. Re1 {
[%eval 323,0]} Qf6 {[%eval 303,0]} 33. Qe8+ $2 {[%eval 124,0] Mistake. b3 was
best.} (33. b3 Kg7 34. Qc2 Re5 35. Rc1 Rf8 36. Bb2 Kg8 37. f4 Qh6 38. Bxe5 dxe5
39. Qc4+ Rf7) 33... Kg7 {[%eval 123,0]} 34. Qd7+ {[%eval 101,0]} Kh8 {[%eval
115,0]} 35. Qh3+ {[%eval 117,0]} Kg7 {[%eval 116,0]} 36. Qd7+ {[%eval 111,0]}
Kh8 {[%eval 105,0]} 37. Qxc7 {[%eval 112,0]} Rf8 {[%eval 121,0]} 38. Qxb6 {
[%eval 105,0]} Rb5 {[%eval 108,0]} 39. Qa7 {[%eval 88,0]} Rb7 $6 {[%eval 164,0]
Inaccuracy. Re5 was best.} (39... Re5 40. Rf1 Re2 41. b4 Rf7 42. Qb6 Rxa2 43.
Bc1 axb4 44. Be3 Kh7 45. Bd4 Qe6 46. Qxb4) 40. Qe3 {[%eval 149,0]} Re7 {
[%eval 172,0]} 41. Qd2 {[%eval 169,0]} Rxe1+ {[%eval 155,0]} 42. Qxe1 {[%eval
176,0]} Rc8 $6 {[%eval 242,0] Inaccuracy. Kg8 was best.} (42... Kg8 43. b3 Rf7
44. h4 Re7 45. Qd1 Qf5 46. Bc1 d5 47. Be3 Qe4 48. Qc1 Qd3 49. Bc5) 43. Qd2 {
[%eval 234,0]} Qf5 {[%eval 295,0]} 44. Qd4+ {[%eval 278,0]} Kg8 {[%eval 269,0]}
45. Bxd6 {[%eval 207,0]} Qf3 {[%eval 329,0]} 46. Bf4 {[%eval 333,0]} Rc2 {
[%eval 378,0]} 47. Bh6 {[%eval 373,0]} Qf7 {[%eval 357,0]} 48. Be3 {[%eval 344,
0]} Qe6 {[%eval 362,0]} 49. h4 {[%eval 359,0]} Re2 {[%eval 392,0]} 50. Bd2 {
[%eval 386,0]} Re4 {[%eval 456,0]} 51. Qd8+ {[%eval 448,0]} Kf7 {[%eval 447,0]}
52. Qxa5 {[%eval 443,0]} Rd4 {[%eval 478,0]} 53. Qh5+ {[%eval 501,0]} Kg8 {
[%eval 488,0]} 54. Bc3 {[%eval 478,0]} Rd5 {[%eval 496,0]} 55. Qf3 {[%eval 484,
0]} Rf5 {[%eval 532,0]} 56. Qg4+ {[%eval 529,0]} Kf7 {[%eval 536,0]} 57. a4 {
[%eval 526,0]} Qd5 {[%eval 503,0]} 58. a5 {[%eval 527,0]} Qc5 {[%eval 548,0]}
59. Qe2 {[%eval 551,0]} Qc6 {[%eval 594,0]} 60. a6 {[%eval 598,0]} Qa4 {
[%eval 604,0]} 61. Qd3 {[%eval 616,0]} Ke6 {[%eval 618,0]} 62. Qe3+ {[%eval
597,0]} Kf7 {[%eval 598,0]} 63. Qd4 {[%eval 596,0]} Qxa6 {[%eval 703,0]} 64.
Qd7+ {[%eval 618,0]} Kg6 $4 {[%eval 32748,0] Checkmate is now unavoidable. Kf8
was best.} (64... Kf8 65. Qxf5+ Ke7 66. h5 Qd6 67. Kh2 Qb6 68. Qf4 Kd7 69. g4
Kc6 70. h6 Qd8 71. Kg2) 65. Qg7+ {[%eval 32750,0]} Kh5 {[%eval 32752,0]} 66.
g4+ {[%eval 32754,0]} Kxh4 {[%eval 32754,0]} 67. gxf5 {[%eval 32756,0]} Qa1+ {
[%eval 32758,0]} 68. Kh2 1-0

[Event "37th Reykjavik op"]
[Site "Reykjavik ISL"]
[Date "2024.03.19"]
[Round "7.5"]
[White "Cooper, Malcolm H"]
[Black "Cramling Bellon, Anna"]
[WhiteElo "1804"]
[BlackElo "2115"]
[Result "0-1"]
[EventDate "2024.03.15"]
[PlyCount "60"]

1. e4 {[%eval 13,0]} c5 {[%eval 33,0]} 2. Nf3 {[%eval 22,0]} e6 {[%eval 41,0]}
3. d4 {[%eval 42,0]} cxd4 {[%eval 26,0]} 4. Nxd4 {[%eval 4,0]} Nf6 {[%eval 4,0]
} 5. Nc3 {[%eval 32,0]} Nc6 {[%eval 43,0]} 6. Be2 {[%eval 7,0]} Bb4 {[%eval 0,
0]} 7. Nxc6 {[%eval 2,0]} bxc6 {[%eval 13,0]} 8. Qd4 {[%eval 28,0]} c5 $6 {
[%eval 39,0] Inaccuracy. Qb6 was best.} (8... Qb6 9. Qd3) 9. Qe3 {[%eval 0,0]}
O-O {[%eval 6,0]} 10. O-O {[%eval 5,0]} d5 {[%eval 2,0]} 11. e5 {[%eval 19,0]}
Nd7 {[%eval 12,0]} 12. Qg3 {[%eval 5,0]} Qc7 $6 {[%eval 53,0] Inaccuracy. Kh8
was best.} (12... Kh8 13. b3 Qa5 14. Bb2 Ba6 15. a3 Bxc3 16. Bxc3 Qb6 17. Bxa6
Qxa6 18. f4 Rac8 19. Rae1) 13. Bf4 {[%eval 67,0]} Bxc3 {[%eval 6,0]} 14. Qxc3
$6 {[%eval 4,0] Inaccuracy. bxc3 was best.} (14. bxc3 Bb7) 14... f6 {[%eval 27,
0]} 15. Bb5 $6 {[%eval 55,0] Inaccuracy. Rfe1 was best.} (15. Rfe1 fxe5 16. Bg3
Qb6 17. Bxe5 Nxe5 18. Qxe5 c4 19. Bf3 Bd7 20. Re2 Rac8 21. Rd1 Rf5) 15... Nxe5
{[%eval 55,0]} 16. Rfe1 $6 {[%eval -54,0] Inaccuracy. Be2 was best.} (16. Be2)
16... Qb6 {[%eval -33,0]} 17. a4 $6 {[%eval -154,0] Inaccuracy. Bf1 was best.}
(17. Bf1 Ng6) 17... Ng6 $6 {[%eval -93,0] Inaccuracy. c4 was best.} (17... c4
18. Be3 Qc7 19. Qb4 a6 20. Bc5 Rd8 21. Be7 axb5 22. Bxd8 Qxd8 23. axb5 Rb8 24.
Qc5) 18. Bg3 {[%eval -19,0]} c4 {[%eval -16,0]} 19. Qe3 {[%eval -28,0]} e5 $2 {
[%eval 9,0] Mistake. Qxe3 was best.} (19... Qxe3 20. fxe3 a6 21. Bc6 Ra7 22. e4
d4 23. e5 Bb7 24. Bxb7 Rxb7 25. exf6 Rxb2 26. Rad1) 20. Qxb6 {[%eval 16,0]}
axb6 {[%eval 26,0]} 21. Bc6 {[%eval 76,0]} Ra5 {[%eval 88,0]} 22. b4 {[%eval
89,0]} cxb3 {[%eval 74,0]} 23. cxb3 {[%eval 69,0]} Be6 $6 {[%eval 0,0]
Inaccuracy. Rd8 was best.} (23... Rd8 24. b4) 24. b4 {[%eval 0,0]} Ra7 {
[%eval 0,0]} 25. f4 {[%eval 0,0]} Rc7 {[%eval 8,0]} 26. Bb5 {[%eval 0,0]} Rc2
$6 {[%eval 94,0] Inaccuracy. Bd7 was best.} (26... Bd7 27. fxe5 Bxb5 28. exf6
Rd7 29. fxg7 Rf5 30. axb5 d4 31. Bf2 Rxb5 32. Re4 Rxb4 33. Rd1) 27. fxe5 {
[%eval 100,0]} fxe5 {[%eval 106,0]} 28. Bxe5 {[%eval 57,0]} Rff2 $6 {[%eval
168,0] Inaccuracy. Nxe5 was best.} (28... Nxe5) 29. Bg3 {[%eval 171,0]} Rxg2+ {
[%eval 87,0]} 30. Kf1 $4 {[%eval -548,0] Blunder. Kh1 was best.} (30. Kh1 Nf8)
30... Bh3 {[%eval -429,0]} 0-1

[Event "37th Reykjavik op"]
[Site "Reykjavik ISL"]
[Date "2024.03.19"]
[Round "7.6"]
[White "Salimova, Nurgyul"]
[Black "Belenkaya, Dina"]
[WhiteElo "2426"]
[BlackElo "2164"]
[Result "1-0"]
[EventDate "2024.03.15"]
[PlyCount "127"]

1. d4 {[%eval 15,0]} Nf6 {[%eval 16,0]} 2. c4 {[%eval 16,0]} e6 {[%eval 21,0]}
3. Nf3 {[%eval 0,0]} d5 {[%eval 12,0]} 4. g3 {[%eval 7,0]} Be7 {[%eval 22,0]}
5. Bg2 {[%eval 17,0]} O-O {[%eval 18,0]} 6. O-O {[%eval 3,0]} c6 {[%eval 31,0]}
7. Qc2 {[%eval 21,0]} h6 {[%eval 55,0]} 8. Nbd2 {[%eval 34,0]} b6 {[%eval 35,0]
} 9. e4 {[%eval 32,0]} Bb7 {[%eval 32,0]} 10. e5 {[%eval 26,0]} Nfd7 {[%eval
32,0]} 11. cxd5 {[%eval 21,0]} cxd5 {[%eval 26,0]} 12. Nb1 {[%eval 16,0]} Nc6 {
[%eval 39,0]} 13. Nc3 {[%eval 3,0]} Ba6 {[%eval 41,0]} 14. Rd1 {[%eval 38,0]}
Rc8 {[%eval 42,0]} 15. Bf4 {[%eval 25,0]} Na5 {[%eval 23,0]} 16. Rac1 {[%eval
0,0]} Re8 {[%eval 28,0]} 17. h4 {[%eval 13,0]} Nf8 {[%eval 22,0]} 18. h5 {
[%eval 2,0]} Nh7 {[%eval 14,0]} 19. Qb1 {[%eval 17,0]} Nc4 {[%eval 48,0]} 20.
Bf1 {[%eval 48,0]} Ng5 {[%eval 5,0]} 21. Nh2 {[%eval 54,0]} Bb4 {[%eval 63,0]}
22. Ng4 {[%eval 71,0]} Rc7 {[%eval 107,0]} 23. Kg2 {[%eval 78,0]} Qe7 {[%eval
88,0]} 24. Bd3 {[%eval 87,0]} Rec8 {[%eval 7,0]} 25. Ne2 {[%eval 69,0]} Qd8 {
[%eval 6,0]} 26. a3 {[%eval 35,0]} Bf8 {[%eval 5,0]} 27. Qa2 {[%eval 53,0]} Bb5
{[%eval 92,0]} 28. f3 {[%eval 82,0]} Be8 {[%eval 82,0]} 29. Bb1 $2 {[%eval 49,
0] Mistake. a4 was best.} (29. a4) 29... Rc6 $2 {[%eval 79,0] Mistake. a5 was
best.} (29... a5) 30. Qb3 {[%eval 34,0]} f5 {[%eval 36,0]} 31. exf6 {[%eval 32,
0]} gxf6 {[%eval 32,0]} 32. Rh1 {[%eval 29,0]} Qe7 {[%eval 36,0]} 33. Rce1 {
[%eval 31,0]} Qg7 {[%eval 56,0]} 34. Bc1 {[%eval 34,0]} e5 $6 {[%eval 123,0]
Inaccuracy. b5 was best.} (34... b5) 35. Rh4 $6 {[%eval 43,0] Inaccuracy. Bf5
was best.} (35. Bf5) 35... Bd7 {[%eval 48,0]} 36. Nf2 $6 {[%eval 22,0]
Inaccuracy. dxe5 was best.} (36. dxe5 Nxe5) 36... Kh8 {[%eval 47,0]} 37. Bg6 {
[%eval 69,0]} Be6 $6 {[%eval 0,0] Inaccuracy. f5 was best.} (37... f5 38. f4
exf4 39. Rxf4 Bd6 40. Rh4 Ne4 41. Nxe4 fxe4 42. Rf1 Rf8 43. Qd1 e3 44. Rxf8+)
38. Qd1 {[%eval 0,0]} Nd6 {[%eval 0,0]} 39. dxe5 {[%eval 5,0]} fxe5 {[%eval 17,
0]} 40. f4 {[%eval 16,0]} Nge4 {[%eval 1,0]} 41. Nxe4 {[%eval 9,0]} Nxe4 {
[%eval 28,0]} 42. Nc3 $6 {[%eval 95,0] Inaccuracy. fxe5 was best.} (42. fxe5
Be7 43. Rf4 Rc2 44. Rf3 Qxe5 45. Be3 Kg8 46. Qd3 R8c4 47. b3 R4c3 48. Qb5 Rc8)
42... Be7 {[%eval -95,0]} 43. Rhh1 {[%eval -96,0]} Nxc3 {[%eval -98,0]} 44.
bxc3 {[%eval 97,0]} e4 {[%eval 94,0]} 45. f5 {[%eval -85,0]} Bg8 {[%eval -99,0]
} 46. Bd2 $6 {[%eval -31,0] Inaccuracy. Qd2 was best.} (46. Qd2) 46... Bxa3 $6
{[%eval 56,0] Inaccuracy. Rxc3 was best.} (46... Rxc3 47. Kh3 Rxa3 48. Re3 Ra6
49. Qg4 Rc4 50. Rc1 b5 51. Rb3 Rb6 52. Rbb1 e3 53. Rxc4) 47. Rhf1 {[%eval 77,0]
} Rf6 $2 {[%eval 7,0] Mistake. Be7 was best.} (47... Be7) 48. Qa1 {[%eval 26,0]
} Qf8 $4 {[%eval 198,0] Blunder. Bf8 was best.} (48... Bf8) 49. c4 {[%eval 208,
0]} Be7 {[%eval 198,0]} 50. cxd5 {[%eval 189,0]} Rc2 {[%eval 186,0]} 51. Qd1 {
[%eval 187,0]} Qc8 $2 {[%eval 326,0] Mistake. Rc5 was best.} (51... Rc5) 52.
Kh3 {[%eval 321,0]} Bxd5 {[%eval 303,0]} 53. Bxh6 {[%eval 328,0]} Qc4 {[%eval
329,0]} 54. Bg5 {[%eval 273,0]} Rxg6 $4 {[%eval 614,0] Blunder. Kg8 was best.}
(54... Kg8 55. Bxf6) 55. hxg6 {[%eval 583,0]} Bxg5 {[%eval 507,0]} 56. Qh5+ {
[%eval 645,0]} Kg8 {[%eval 599,0]} 57. Qxg5 {[%eval 593,0]} e3 $6 {[%eval 1053,
0] Inaccuracy. Qc8 was best.} (57... Qc8 58. Rd1 Rc5 59. Qe7 Rc7 60. Qe5 Bc6
61. Qf6 Rd7 62. Qe6+ Kf8 63. f6 Qe8) 58. Qd8+ {[%eval 845,0]} Kg7 {[%eval 797,
0]} 59. Qe7+ {[%eval 717,0]} Kg8 $2 {[%eval 32744,0] Checkmate is now
unavoidable. Bf7 was best.} (59... Bf7 60. Rf4 Qc7 61. Qg5 Qd7 62. gxf7+ Kxf7
63. Qh5+ Ke7 64. Qh4+ Kd6 65. Rd4+ Kc7 66. Rxd7+) 60. Qh7+ {[%eval 32746,0]}
Kf8 {[%eval 32746,0]} 61. g7+ {[%eval 32748,0]} Ke8 {[%eval 32748,0]} 62. Rxe3+
{[%eval 32750,0]} Kd8 {[%eval 32750,0]} 63. Qh4+ $4 {[%eval 658,0] Lost forced
checkmate sequence. Rd1 was best.} (63. Rd1 Rh2+ 64. Kxh2 Qc2+ 65. Kh3 Qxd1 66.
g8=R+ Bxg8 67. Qe7+ Kc8 68. Rc3+ Bc4 69. Rxc4+ Kb8) 63... Kd7 64. Qxc4 1-0

[Event "37th Reykjavik op"]
[Site "Reykjavik ISL"]
[Date "2024.03.19"]
[Round "7.8"]
[White "Kjartansson, Gudmundur"]
[Black "Ivanchuk, Vasyl"]
[WhiteElo "2465"]
[BlackElo "2625"]
[Result "1/2-1/2"]
[EventDate "2024.03.15"]
[PlyCount "65"]

1. c4 {[%eval 16,0]} Nf6 {[%eval 21,0]} 2. Nc3 {[%eval 1,0]} e5 {[%eval 7,0]}
3. g3 {[%eval 0,0]} Bb4 {[%eval 0,0]} 4. Bg2 {[%eval 0,0]} O-O {[%eval 0,0]} 5.
e4 {[%eval 0,0]} Bxc3 {[%eval 0,0]} 6. bxc3 {[%eval 0,0]} Re8 {[%eval 37,0]} 7.
Ne2 {[%eval 33,0]} c6 {[%eval 33,0]} 8. d3 $6 {[%eval 33,0] Inaccuracy. O-O
was best.} (8. O-O h6 9. h3 d5 10. cxd5 cxd5 11. exd5 Nxd5 12. c4 Nb4) 8... d5
{[%eval 33,0]} 9. cxd5 {[%eval 33,0]} cxd5 {[%eval 38,0]} 10. exd5 {[%eval 32,
0]} Nxd5 {[%eval 32,0]} 11. O-O {[%eval 25,0]} Nc6 {[%eval 27,0]} 12. Bb2 {
[%eval 44,0]} Bg4 {[%eval 46,0]} 13. h3 {[%eval 45,0]} Bh5 {[%eval 6,0]} 14.
Re1 {[%eval 0,0]} Qd7 {[%eval 0,0]} 15. Qb3 {[%eval 2,0]} Rad8 {[%eval 12,0]}
16. Qxd5 {[%eval 6,0]} Qxd5 {[%eval 9,0]} 17. Bxd5 {[%eval 12,0]} Rxd5 {
[%eval 6,0]} 18. Nf4 {[%eval 7,0]} Rb5 {[%eval 4,0]} 19. Rab1 {[%eval 3,0]} Bf3
{[%eval 5,0]} 20. c4 {[%eval 5,0]} Ra5 {[%eval 7,0]} 21. Re3 {[%eval 6,0]} Rxa2
{[%eval 4,0]} 22. Rxf3 {[%eval 1,0]} exf4 {[%eval 8,0]} 23. Rxf4 {[%eval 18,0]}
f6 {[%eval 14,0]} 24. d4 {[%eval 13,0]} b6 {[%eval 19,0]} 25. d5 {[%eval 21,0]}
Ne5 {[%eval 0,0]} 26. Bxe5 {[%eval 0,0]} Rxe5 {[%eval 0,0]} 27. Rd4 {[%eval 1,
0]} Kf7 {[%eval 0,0]} 28. d6 {[%eval 0,0]} Ke8 {[%eval 0,0]} 29. c5 {[%eval 0,
0]} Rxc5 {[%eval 0,0]} 30. d7+ {[%eval 0,0]} Kd8 {[%eval 0,0]} 31. Re1 {
[%eval 0,0]} Re5 {[%eval 0,0]} 32. Rc1 {[%eval 0,0]} Rc5 {[%eval 0,0]} 33. Re1
{[%eval 0,0]} 1/2-1/2

[Event "37th Reykjavik op"]
[Site "Reykjavik ISL"]
[Date "2024.03.19"]
[Round "7.9"]
[White "Sidhant, Mohapatra"]
[Black "Xu, Xiangyu"]
[WhiteElo "2379"]
[BlackElo "2623"]
[Result "0-1"]
[EventDate "2024.03.15"]
[PlyCount "82"]

1. e4 {[%eval 13,0]} c5 {[%eval 33,0]} 2. Nf3 {[%eval 22,0]} d6 {[%eval 0,0]}
3. d4 {[%eval 18,0]} cxd4 {[%eval 13,0]} 4. Nxd4 {[%eval 27,0]} Nf6 {[%eval 3,
0]} 5. Nc3 {[%eval 21,0]} g6 $6 {[%eval 79,0] Inaccuracy. a6 was best.} (5...
a6 6. Be3 e5 7. Nf3 Be7 8. Bc4 O-O 9. O-O Nc6 10. Bg5) 6. Be3 {[%eval 46,0]}
Bg7 {[%eval 58,0]} 7. f3 {[%eval 46,0]} Nc6 {[%eval 56,0]} 8. Qd2 {[%eval 57,0]
} O-O {[%eval 66,0]} 9. O-O-O {[%eval 66,0]} d5 {[%eval 58,0]} 10. exd5 {
[%eval 69,0]} Nxd5 {[%eval 67,0]} 11. Nxc6 {[%eval 62,0]} bxc6 {[%eval 44,0]}
12. Bd4 {[%eval 54,0]} e5 {[%eval 55,0]} 13. Bc5 {[%eval 64,0]} Be6 {[%eval 7,
0]} 14. Ne4 {[%eval 64,0]} Re8 {[%eval 74,0]} 15. Bc4 {[%eval 64,0]} Qc7 {
[%eval 56,0]} 16. Bd6 {[%eval 65,0]} Qd7 {[%eval 59,0]} 17. Ba3 {[%eval 62,0]}
Red8 {[%eval 5,0]} 18. Nc5 {[%eval 32,0]} Qe8 {[%eval 63,0]} 19. Nxe6 $6 {
[%eval 1,0] Inaccuracy. Qe1 was best.} (19. Qe1 h5 20. Kb1 a5 21. Bb3 Qe7 22.
h3 Qf6 23. Rf1 Rdb8 24. g4 h4 25. Bc4) 19... Qxe6 {[%eval 17,0]} 20. Rhe1 {
[%eval 51,0]} Qf6 {[%eval 57,0]} 21. Kb1 {[%eval 48,0]} Qh4 {[%eval 37,0]} 22.
Bb3 {[%eval 39,0]} a5 {[%eval 41,0]} 23. g3 {[%eval 41,0]} Qf6 {[%eval 39,0]}
24. Qe2 $6 {[%eval -68,0] Inaccuracy. c4 was best.} (24. c4) 24... a4 {[%eval
-96,0]} 25. Bxd5 {[%eval -97,0]} cxd5 {[%eval -64,0]} 26. c3 {[%eval -59,0]}
Rab8 $6 {[%eval 69,0] Inaccuracy. h5 was best.} (26... h5 27. Rd3 Qb6 28. h3 d4
29. cxd4 exd4 30. g4 Rd5 31. f4 Rc8 32. Qg2 Rb5 33. f5) 27. Rd3 {[%eval -99,0]}
h5 {[%eval 81,0]} 28. Red1 {[%eval -98,0]} Qc6 {[%eval -88,0]} 29. Qd2 $6 {
[%eval -16,0] Inaccuracy. Bb4 was best.} (29. Bb4 d4) 29... d4 {[%eval -3,0]}
30. Qe2 $6 {[%eval -118,0] Inaccuracy. Qc1 was best.} (30. Qc1 Qe6) 30... Rdc8
{[%eval -147,0]} 31. cxd4 {[%eval -146,0]} exd4 {[%eval -157,0]} 32. Qd2 {
[%eval -147,0]} Qb5 {[%eval -197,0]} 33. f4 $6 {[%eval -101,0] Inaccuracy. h4
was best.} (33. h4 Rc3 34. Ka1 Rc6 35. g4 Rbc8 36. Kb1 Bf6 37. Qe2 Rc3 38. R3d2
Qb6 39. Rd3 Rxd3) 33... Rc6 {[%eval -134,0]} 34. Rc1 $2 {[%eval -329,0]
Mistake. h3 was best.} (34. h3 Qf5 35. Qg2 Rbc8 36. Qf1 Rc2 37. Bb4 Rh2 38. g4
hxg4 39. hxg4 Qxg4 40. R1d2 Rxd2) 34... Rxc1+ {[%eval -347,0]} 35. Kxc1 {
[%eval -218,0]} Re8 {[%eval -218,0]} 36. b3 {[%eval -369,0]} Qc6+ {[%eval -212,
0]} 37. Kb1 $6 {[%eval -301,0] Inaccuracy. Qc2 was best.} (37. Qc2 Qh1+ 38. Kb2
Qf1 39. Bb4 Re2 40. Bd2 Re3 41. Bxe3 dxe3+ 42. Ka3 axb3 43. Qc4 Kh7) 37... Qh1+
{[%eval -317,0]} 38. Bc1 {[%eval -337,0]} Qf1 {[%eval -498,0]} 39. Qc2 {
[%eval -479,0]} Re1 {[%eval -497,0]} 40. Rd2 {[%eval -475,0]} a3 {[%eval -309,
0]} 41. Qc4 d3 0-1